Edsger Wybe Dijkstra : his life, work, and legacy
Saved in:
| Other Authors | , , |
|---|---|
| Format | Electronic eBook |
| Language | English |
| Published |
[New York, New York] :
Association for Computing Machinery,
[2022].
|
| Edition | First Edition. |
| Series | ACM books ;
no. 45. |
| Subjects | |
| Online Access | Full text |
| ISBN | 9781450397742 9781450397728 9781450397735 9781450397711 |
| ISSN | 2374-6777 ; |
| Physical Description | 1 online zdroj (xxiv, 550 stran) : portréty |
Cover
| LEADER | 00000cam a2200000 i 4500 | ||
|---|---|---|---|
| 001 | 108508 | ||
| 003 | CZ-ZlUTB | ||
| 005 | 20260625145917.0 | ||
| 006 | m o d | ||
| 007 | cr ||||||||||| | ||
| 008 | 220712s2022 nyuc eo 001 0deng d | ||
| 020 | |a 9781450397742 |q (ebook) | ||
| 020 | |a 9781450397728 |q (epub) | ||
| 020 | |z 9781450397735 |q (hardcover) | ||
| 020 | |z 9781450397711 |q (paperback) | ||
| 024 | 7 | |a 10.1145/3544585 |2 doi | |
| 035 | |a (OCoLC)1337075477 | ||
| 040 | |a STF |b eng |c STF |d UAB |d ZWU |d GZM |d OCLCF |d CUS |e rda | ||
| 072 | 7 | |a 004.4/.6 |x Programování. Software |2 Konspekt |9 23 | |
| 072 | 7 | |a 929 |x Biografie |2 Konspekt |9 8 | |
| 080 | |a 004.42 |2 MRF | ||
| 080 | |a 004.42-051 |2 MRF | ||
| 080 | |a (0.034.2:08) |2 MRF | ||
| 080 | |a (0:82-4) |2 MRF | ||
| 080 | |a (092) |2 MRF | ||
| 245 | 0 | 0 | |a Edsger Wybe Dijkstra : |b his life, work, and legacy / |c Krzysztof R. Apt, editor, Tony Hoare, editor. |
| 250 | |a First Edition. | ||
| 264 | 1 | |a [New York, New York] : |b Association for Computing Machinery, |c [2022]. | |
| 300 | |a 1 online zdroj (xxiv, 550 stran) : |b portréty | ||
| 336 | |a text |b txt |2 rdacontent | ||
| 337 | |a počítač |b c |2 rdamedia | ||
| 338 | |a online zdroj |b cr |2 rdacarrier | ||
| 490 | 1 | |a ACM books, |x 2374-6777 ; |v #45 | |
| 504 | |a Obsahuje bibliografické odkazy a index. | ||
| 506 | |a Plný text je dostupný pouze z IP adres počítačů Univerzity Tomáše Bati ve Zlíně nebo vzdáleným přístupem pro zaměstnance a studenty | ||
| 600 | 1 | 7 | |a Dijkstra, Edsger W., |d 1930-2022 |7 mub20241244486 |2 czenas |
| 650 | 0 | 7 | |a programování |7 ph115891 |2 czenas |
| 650 | 0 | 7 | |a programátoři |7 ph884924 |2 czenas |
| 650 | 0 | 9 | |a programming |2 eczenas |
| 650 | 0 | 9 | |a computer programmers |2 eczenas |
| 655 | 7 | |a elektronické knihy |7 fd186907 |2 czenas | |
| 655 | 7 | |a eseje |7 fd132213 |2 czenas | |
| 655 | 7 | |a biografie |7 fd131909 |2 czenas | |
| 655 | 9 | |a electronic books |2 eczenas | |
| 655 | 9 | |a essays |2 eczenas | |
| 655 | 9 | |a biography |2 eczenas | |
| 700 | 1 | |a Apt, Krzysztof R., |d 1949- |e editor. | |
| 700 | 1 | |a Hoare, C. A. R. |q (Charles Antony Richard), |d 1934- |e editor. | |
| 700 | 1 | 2 | |a Dijkstra, Edsger W. |t Works. |k Selections. |
| 776 | 0 | 8 | |i Print version: |t Edsger Wybe Dijkstra. |b First Edition. |d [New York, New York] : Association for Computing Machinery; [2022] |z 9781450397735 |w (OCoLC)1341437522 |
| 830 | 0 | |a ACM books ; |v no. 45. | |
| 856 | 4 | 0 | |u https://proxy.k.utb.cz/login?url=https://dl.acm.org/doi/book/10.1145/3544585 |
| 942 | |2 udc | ||
| 992 | |c EBOOK-TN |c ACM | ||
| 993 | |x NEPOSILAT |y EIZ | ||
| 999 | |c 108508 |d 108508 | ||